شيعہ سنی ا ختلا فا ت ا و ر صر ا ط مستقيم (Record no. 180508)

MARC details
000 -LEADER
fixed length control field 00705nam a22001937a 4500
005 - DATE AND TIME OF LATEST TRANSACTION
control field 20210901121434.0
010 ## - LCCN (DPL NO)
LC control number UR-11185
020 ## - INTERNATIONAL STANDARD BOOK NUMBER
Terms of availability 500.00
International Standard Book Number -
035 ## - SYSTEM CONTROL NUMBER
System control number U-9740
037 ## - SOURCE OF ACQUISITION
Source of stock number/acquisition DBAD/PUB
082 ## - DEWEY DECIMAL CLASSIFICATION NUMBER
Classification number 270
100 ## - MAIN ENTRY--PERSONAL NAME
Personal name محمد يو سف لد ھيا نو ی
245 ## - TITLE STATEMENT
Title شيعہ سنی ا ختلا فا ت ا و ر صر ا ط مستقيم
Statement of responsibility, etc محمد يو سف لد ھيا نو ی
246 ## - VARYING FORM OF TITLE
Title proper/short title Shia Sunni Ikhtlafat Aur Syrat-e-Mustaqeem (Urdu)
Remainder of title by Mohd. Yusuf Ludhianvi
260 ## - PUBLICATION, DISTRIBUTION, ETC. (IMPRINT)
Place of publication, distribution, etc Deoband
Date of publication, distribution, etc N.A. ء
Name of publisher, distributor, etc Maktaba Darul Uloom
270 ## - ADDRESS
Address Maktaba Darul Uloom Deoband,
City Uttar pardesh
Postal code 247554
Fax number -
300 ## - PHYSICAL DESCRIPTION
Extent 568 ص
Dimensions 22 Cm(Hb)
942 ## - ADDED ENTRY ELEMENTS (KOHA)
Source of classification or shelving scheme Dewey Decimal Classification
Item type Urdu Bks
Classification part 270
Call number suffix م ح م
Holdings
Withdrawn status Lost status Not for loan Collection code Home library Current library Date acquired Source of acquisition Cost, normal purchase price Full call number Barcode Copy number Cost, replacement price Koha item type
    Not For Loan Non-fiction D.B.Act.Division Central Library 10/08/2021 DBAD/PUB 500.00 270 م ح م U-9740 1 500.00 Urdu Bks

© Delhi Public Library
Hit Counter
free hit counter